000 00645nam a2200205Ia 4500
001 5498
003 GE_BSU
008 181216s||||||||xx |||||||||||||| ||und||
040 _cGE_BSU
080 _a51(072)
245 _aИз опыта преподавания математики в школе.
245 _bПособие для учителей
245 _cСост. А.Д.Семушин, С.Б.Суворова.
260 _aМосква
260 _bПросвещение
260 _c1978
300 _a206 с. 22 см.
653 _aИз опыта преподавания математики в школе.
942 _cBK
999 _c39006
_d39006